00379 a2200109 4500001001000000005001700010008004100027245011300068100002600181773004500207999001700252ART_5052020260410162043.0260409a 10aNuevamente sobre la obligación de los profesionales en Ciencias Económicas de formular denuncias penales1 aRobiglio, Carolina L.0 tImpuestosg- N°68 (ene. 2020)wREV45175 c35099d35099